Statistics for Most Receptive Countries To Immigrants

Click here to take the quiz!

General Stats

  • This quiz has been taken 37 times
  • The average score is 33 of 50

Answer Stats

ScoreCountry% Correct
6.77United States
100%
7.99Canada
97%
8.25Sweden
97%
6.82United Kingdom
97%
6.64France
94%
7.22Germany
94%
7.75Netherlands
94%
7.45Switzerland
94%
6.38Argentina
90%
8.16Australia
90%
6.45Brazil
90%
6.48Chile
90%
7.74Ireland
90%
6.39Italy
90%
7.71Norway
90%
6.49Portugal
90%
7.05Spain
90%
7.67Belgium
87%
6.91Finland
87%
8.03Iceland
87%
8.29New Zealand
87%
8.05Denmark
81%
7.17Austria
74%
7.54Luxembourg
74%
6.51Peru
74%
6.70Bolivia
71%
7.00Uruguay
71%
7.27Costa Rica
65%
6.47Panama
65%
6.80Paraguay
61%
6.36Dominican Republic
58%
7.46Bahamas
55%
6.42Dominica
55%
7.76Saint Kitts and Nevis
55%
7.26Barbados
52%
6.65Saint Vincent and the Grenadines
52%
6.78Trinidad and Tobago
52%
6.65Grenada
45%
6.50Saint Lucia
45%
6.55Albania
39%
7.01Taiwan
39%
7.13Philippines
32%
7.92Seychelles
29%
7.09Mauritius
26%
7.21Ghana
23%
7.40Senegal
19%
6.58Botswana
16%
6.81Kenya
16%
7.73Ivory Coast
13%
6.61Cameroon
6%

Score Distribution

Percentile by Number Answered

Percent of People with Each Score

Your Score History

You have not taken this quiz